Seven seasons of buffy : (Record no. 384)
[ view plain ]
| 000 -LEADER | |
|---|---|
| fixed length control field | 00867nam a2200193 a 4500 |
| 001 - CONTROL NUMBER | |
| control field | ASIN1932100083 |
| 005 - DATE AND TIME OF LATEST TRANSACTION | |
| control field | 20200421093827.0 |
| 008 - FIXED-LENGTH DATA ELEMENTS--GENERAL INFORMATION | |
| fixed length control field | 140930s2003 xxu eng d |
| 020 ## - INTERNATIONAL STANDARD BOOK NUMBER | |
| International Standard Book Number | 1932100083 (paperback) |
| Terms of availability | £10.99 |
| 020 ## - INTERNATIONAL STANDARD BOOK NUMBER | |
| International Standard Book Number | 9781932100082 (paperback) |
| 245 10 - TITLE STATEMENT | |
| Title | Seven seasons of buffy : |
| Remainder of title | science fiction and fantasy writers discuss their favorite television show / |
| Statement of responsibility, etc. | Glenn Yeffeth. |
| 250 ## - EDITION STATEMENT | |
| Edition statement | First Trade Paper ed. |
| 260 ## - PUBLICATION, DISTRIBUTION, ETC. | |
| Place of publication, distribution, etc. | [S.l.] : |
| Name of publisher, distributor, etc. | BenBella Books, |
| Date of publication, distribution, etc. | 2003. |
| 300 ## - PHYSICAL DESCRIPTION | |
| Extent | 240 p. ; |
| Dimensions | 23 cm. |
| 520 ## - SUMMARY, ETC. | |
| Summary, etc. | Seven Seasons of Buffy Provides essays on the popular television series by such authors as Laura Resnick, Jean Lorrah, Nancy Holder, Jennifer Crusie, David Brin, Peg Aloi, and Scott Westerfeld. |
| 700 1# - ADDED ENTRY--PERSONAL NAME | |
| Personal name | Yeffeth, Glenn. |
| 856 40 - ELECTRONIC LOCATION AND ACCESS | |
| Materials specified | Amazon.com |
| Uniform Resource Identifier | <a href="http://www.amazon.co.uk/exec/obidos/ASIN/1932100083/chopaconline-20">http://www.amazon.co.uk/exec/obidos/ASIN/1932100083/chopaconline-20</a> |
| 942 ## - ADDED ENTRY ELEMENTS (KOHA) | |
| Source of classification or shelving scheme | Dewey Decimal Classification |
| Koha item type | Books |
| Withdrawn status | Lost status | Damaged status | Not for loan | Collection | Home library | Current library | Shelving location | Date acquired | Barcode | Date last seen | Price effective from | Koha item type |
|---|---|---|---|---|---|---|---|---|---|---|---|---|
| Non-fiction | Midway | Midway | General stacks | 10/15/2014 | 39999000016802 | 10/15/2014 | 10/15/2014 | Books |